|
|
|
|
| LEADER |
00861cam a2200205 7i4500 |
| 001 |
0000054864 |
| 005 |
20201020090000.0 |
| 090 |
0 |
0 |
|a TK5105.55
|b .B66 2011
|
| 100 |
1 |
|
|a Bonaventure, Olivier
|
| 245 |
1 |
0 |
|a Computer networking :
|b principles, protocols and practice
|c Olivier Bonaventure.
|
| 264 |
|
1 |
|a Arlington, Virginia:
|b Saylor Foundation,
|c 2011.
|
| 300 |
|
|
|a 1 online resource (278 pages):
|b text file, PDF.
|
| 336 |
|
|
|a text
|2 rdacontent
|
| 337 |
|
|
|a computer
|2 rdamedia
|
| 338 |
|
|
|a online resource
|2 rdacarrier
|
| 650 |
|
0 |
|a Computer network protocols
|
| 655 |
|
0 |
|a Electronic books
|
| 856 |
4 |
2 |
|u http://library.unisel.edu.my/equip-unisel/custom/ebook_catalog/ebook/ComputerNetworkingPrinciplesBonaventurecompressed.pdf
|
| 997 |
|
|
|a Communication, Visual Art & Computing, Faculty
|b Computing, Department
|
| 999 |
|
|
|a EBO0001350
|b EBOOK
|c EBOOK
|e Electronic resources
|